000 00712nam a2200241Ia 4500
003 OSt
005 20220928125057.0
006 a|||||r|||| 00| 0
007 ta
008 220927b |||||||| |||| 00| 0 eng d
024 _a523
037 _cTextual
040 _aSDCL
_cSDCL
_beng
041 _2eng
_aeng
082 _aXM8:77, P7
100 _aZook Chris
_9467909
245 0 _aUnstoppable
_bFinding hidden assets to renew the core and fuel profitable growth
260 _aBoston
_bHarvard Business School
_c2007
300 _axvii,190p
_ccm.
650 _aDevelopment Multinational Corporation
_9467910
942 _hXM8:77, P7
_cTEXL
_2CC
999 _c780808
_d780808